Actors / Actresses by their Characters - Picture Edition - Statistics

General Stats
  • This quiz has been taken 177 times
  • The average score is 9 of 15
Answer Stats
Picture Answer % Correct
Dwayne Johnson
99%
Emma Watson
96%
Angelina Jolie
84%
Chris Evans
74%
Heath Ledger
72%
Audrey Hepburn
66%
Mila Kunis
63%
Maggie Smith
60%
Mel Gibson
55%
Ewan McGregor
52%
Mike Myers
52%
Patrick Stewart
50%
Sigourney Weaver
48%
Demi Moore
38%
Liv Tyler
35%
No matching quizzes found
Score Distribution
Percent of People with Each Score
Percentile by Number Answered
Your Score History
You have not taken this quiz